000 00475nam a22001577a 4500
005 20251108164011.0
008 250721s1995 xx 000 0 ara d
082 1 4 _a344.04194/فضل
100 1 _aالفضل، منذر
245 1 0 _aالتصرف القانوني في الأعضاء البشرية /
264 1 _aعمان :
_bمكتبة دار الثقافة،
_c1995.
300 _a174ص
650 1 7 _aالتشريعات الصحية
942 _2ddc
_cBK
999 _c1110
_d1110